000 00303nam a22001217a 4500
020 _a0834217813
082 _a664.00284 MOR/AU
100 _aMoreira, Rosana G
245 _aAutomatic Control for Food Processing Systems
260 _aGaithersburg
_bAspen Publishers
_c2001
300 _a333
942 _cBK
999 _c13882
_d13882